000 01229cam a2200277 4500
001 ABS68373
008 041015n2004 000 0 eng u
035 _a(Sirsi) u127711
100 _aRichardson, S.
245 4 _aThe burning of the bodies
260 _c2004
490 _aBuilding
_v269(8350) 24 September 2004, 24-25(2)
520 _aReports on the recent claim and proposal by Peter Rogers, a director of developer Stanhope, that the specialist nature of professional bodies hinders co-operation between disciplines and that the individual institutions should be abandoned, revoking their Royal Charters, in favour of a single body covering the entire building industry. Covers the pro and con positions of the individual institutions vis-à-vis the call to merge and unify. Summarises the construction industry's institutional heritage.
590 _aABS
590 _aABS
650 _aCONSTRUCTION INDUSTRY
650 _aINSTITUTION OF STRUCTURAL ENGINEERS
650 _aREFORMS
650 _aRIBA
650 _aRICS
650 _aINSTITUTION OF MECHANICAL ENGINEERS
650 _aINSTITUTION OF CIVIL ENGINEERS
650 _aPROFESSIONAL BODIES
690 _aPROFESSIONAL PRACTICE
942 _n0
999 _c118166
_d118166